Véhicules de l'UNSC - Halo - Statistiques

Statistiques générales
  • Ce quiz a été pris 57 fois
  • Le résultat moyen est 8 sur 59
Statistiques - réponses
Type de véhicule Nom du véhicule % Correct
Véhicule de reconnaissance léger modulable Warthog
89%
Aéronef de transport de troupes Pélican
87%
Char d'assault Scorpion
68%
Véhicule de reconnaissance ultra-léger Mangouste
51%
Aéronef d'assaut / transport de troupes Hornet
43%
Aéronef d'assaut / Transport de troupes Falcon
34%
Char d'assaut lourd Grizzly
23%
Exosquelette de combat Mantis
23%
Chasseur spatial expérimental Sabre
23%
Poste de commandement mobile / recherche et récupération du personnel Éléphant
21%
Intercepteur / Bombardier Longsword
21%
Aéronef de transport moyen équipé d'un réacteur Shaw-Fujikawa Condor
19%
Exosquelette de réparation et maintenance / combat Cyclope
17%
Véhicule de reconnaissance ultra-léger Gungoose
15%
Poste de commandement mobile Mammoth
15%
Aéronef atmosphérique de combat lourd Vautour
15%
Artillerie antiaérienne auto-propulsée Wolverine
15%
Chasseur spatial multirôle Broadsword
13%
VTOL d'assaut léger Wasp
13%
Véhicule de soutien à IEM Gremlin
11%
Véhicule de reconnaissance ultra-léger Jackrabbit
11%
Véhicule de transport blindé Razorback
11%
Char d'artillerie expérimental Rhino
11%
Bombardier atmosphérique Shortsword
11%
Véhicule de combat anti-véhicules Cobra
9%
Exosquelette de combat lourd Colosse
9%
VTOL d'assistance médicale et de maintenance Nightingale
9%
Artillerie mobile Kodiak
6%
Exosquelette de combat expérimental Mark I HRUNTING/YGGDRASIL
6%
Véhicule de transport de troupes blindé Mastard
6%
VTOL d'attaque au sol Sparrowhawk
6%
Aéronef de transport lourd Albatross
4%
Véhicule de transport / récupération blindé léger Bison
4%
Nacelle de survie Bumblebee
4%
Navette de transport de matériel Darter
4%
VTOL d'assaut léger Kestrel
4%
Chasseur spatial Baselard
2%
Chasseur spatial spécialisé Cadre d'accélération
2%
Véhicule léger multirôle adapté aux environnements enneigés Doozy
2%
Drone d'attaque Drone MAKO
2%
Chasseur de combat lourd Falcata
2%
Aéronef de largage ultra-lourd Héron
2%
Drone Honeybee
2%
Véhicule de transport léger Mainz Träger Dynamik
2%
Chasseur d'interception et d'attaque spatial Nandao
2%
Aéronef de transport furtif Owl
2%
Chasseur spatial Pegasus
2%
Aéronef d'assaut lourd Pélican cannonière
2%
VTOL de transport léger Pipistrelle
2%
Marcheur de combat inspiré du Locust Quad Walker
2%
Drone de reconnaissance RQ-370V
2%
Drone de reconnaissance RQ-XII
2%
Véhicule de reconnaissance ultra-léger Siege Bike
2%
Drone de combat Skyhawk
2%
Aéronef utilisé par l'ONI Turaco
2%
Module de largage individuel VEBH
2%
Drone de combat Wombat
2%
Véhicule de transport de troupes blindé expérimental X-24 FAV
2%
Aéronef de combat lourd Condor canonnière
0%
Aucun quiz correspondant
Distribution des résultats
% des personnes avec chaque résultat
Percentile par nombre de réponses
Votre historique - résultats
Vous n’avez pas pris ce quiz